2,3-dihydromelatonín (DHM): zvýšenie odolnosti hipokampu potkana proti poškodeniu hypoxiou/reoxygenáciou

Bibliographic Details
Main Authors: Gáspárová, Zdenka, 1957- (Author), Štolc, Svorad, 1939-2023 (Author), Skalská, S. (Author), Šnirc, V. (Author)
Corporate Author: Farmakologické dny (Author)
Format: Conference Proceeding Article
Language:Slovak
ISSN:1210-6313
Subjects:

MARC

LEADER 00000nab a2200000 a 4500
001 vtls000885630
003 SK-MaSNL
005 20260303214615.0
008 160405c2003 xo 0 slo
015 |a SNBRB2004/09-ccccc 
035 |a CLN000237070 
040 |a SNKBUCL  |b slo  |c SNKBUCL  |e AACR2 
041 0 |a slo 
044 |a xo  |c SK 
080 |a 612.43:611.81/.89:061.3  |2 1997 
245 0 0 |a 2,3-dihydromelatonín (DHM): zvýšenie odolnosti hipokampu potkana proti poškodeniu hypoxiou/reoxygenáciou  |c Z. Gáspárová ... [et al.] 
650 0 7 |a melatonín  |x analýza  |x biosyntéza  |x použitie diagnostické  |2 MESH  |9 1249784 
650 0 7 |a hipokampus  |2 MESH  |9 242650 
650 0 7 |a hypoxia bunková  |x genetika  |x imunológia  |2 MESH  |9 1249785 
650 0 7 |a antioxidanty  |2 MESH  |9 13472 
650 0 7 |a glukóza krvná  |x analýza  |x biosyntéza  |x účinky liekov  |2 MESH  |9 1249786 
650 0 7 |a abstrakty z kongresu  |2 MESH  |9 168204 
655 7 |a články z novín a časopisov  |2 snkbucl  |9 267496 
700 1 |a Gáspárová, Zdenka,  |d 1957-  |4 aut  |9 134826 
700 1 |a Štolc, Svorad,  |d 1939-2023  |4 aut  |9 97783 
700 1 |a Skalská, S.  |4 aut  |9 796669 
700 1 |a Šnirc, V.  |4 aut  |9 796678 
711 2 |a Farmakologické dny  |n (53. :  |d 2003 :  |c Brno, Česko)  |4 aut  |9 132811 
773 0 |x 1210-6313  |t Československá fyziologie  |g Roč. 52, č. 4 (2003), s. A8 
850 |a Slovenská národná knižnica v Martine 
852 |a SNK  |b KIS3GCP 
958 |a MI 
958 |a RBX 
999 |c 2217876  |d 2219806